Cukráreň

Salvato in:
Dettagli Bibliografici
Autore principale: Benková, Soňa (Autore)
Altri autori: Jamnický, Martin (Relatore della tesi)
Natura: Manoscritto Libro
Lingua:slovacco
Pubblicazione: 2019
Soggetti:
Accesso online:http://is.stuba.sk/zp/portal_zp.pl?podrobnosti=145411
https://opac.crzp.sk/?fn=detailBiblioForm&sid=9F8942B94996237AA2FE18F666DC
Tags: Aggiungi Tag
Nessun Tag, puoi essere il primo ad aggiungerne!!

MARC

LEADER 00000ntm a22000003a 4500
001 stuzp73317
003 SK-STU
005 20230525145148.3
007 ta
008 150427s2015----xo-----f-mn---000-0-slo-d
040 |a STU  |b slo 
041 0 |a slo 
100 1 |a Benková, Soňa  |u 010180  |k Z4  |4 aut  |U SvF Stavebná fakulta  |T SvF Katedra konštrukcií pozemných stavieb  |X 65750  |U V180  |Y 18  |7 65750 
242 0 1 |a Patisserie  |y eng 
245 1 0 |a Cukráreň 
260 |c 2019 
650 4 |a výkresová dokumentácia  |2 slo 
650 4 |a realizačná dokumentácia  |2 slo 
650 4 |a cukráreň  |2 slo 
650 4 |a drawing documentation  |2 eng 
650 4 |a construction project  |2 eng 
650 4 |a confectionery  |2 eng 
700 1 |a Jamnický, Martin  |u 010180  |k Z1  |4 ths  |U SvF Stavebná fakulta  |T SvF Katedra konštrukcií pozemných stavieb  |X 4052  |U V180  |Y 18  |7 A000004052 
856 4 |u http://is.stuba.sk/zp/portal_zp.pl?podrobnosti=145411 
856 4 |u https://opac.crzp.sk/?fn=detailBiblioForm&sid=9F8942B94996237AA2FE18F666DC